000 01123nam a22003497a 4500
001 BR0502081
003 BR-BrBNA
005 20230928101858.0
007 ta
008 230509b bl.||||| |||| 00| 0 por d
040 _aBR-BrBNA
_bpor
_cBiblioteca Nacional de Agricultura
041 _a(Por)
072 _aP33
090 _ P33 BR0502081
100 1 _aArthur, R.C.J.
110 1 _aCentro de Energia Nuclear na Agricultura, Piracicaba, SP (Brasil)
_0Tese (Mestre em Ciências)
245 1 _aDeterminação do raio de influência de extratores de solução do solo e de tensiômetros utilizando a técnica de tomografia computadorizada de raios gama
260 3 _aPiracicaba, SP (Brasil):
_c2005.
300 _a51 p.
500 _aSummaries (Eng, Por); Bibliography p. 46-51; 22 illus.; 7 tables
650 _aSOLO ARENOSO
650 _aSOLO ARGILOSO
650 _aADSORÇÃO
650 _aCAPILARIDADE
650 _aÁGUA DO SOLO
650 _aRAIO GAMA
650 _aTOMOGRAFIA
650 _aTENSIÔMETRO
650 _aMODELO MATEMÁTICO
909 _a202309
_bLucia
_c55
_dLucia Elande
942 _cBK
999 _c68021
_d68021